Washington in focus: foreign aid
En 1990 el Congreso estadounidense revisó sus prioridades en cuanto a política exterior se refiere, particularmente a la luz de los cambios ocurridos en Europa del Este. Se revisan las políticas económicas, asistencia alimentaria y militarismo. HB/hmbq
Gorde:
| Formatua: | Texto |
|---|---|
| Gaiak: | |
| Etiketak: |
Etiketa erantsi
Etiketarik gabe, Izan zaitez lehena erregistro honi etiketa jartzen!
|
MARC
| LEADER | 00000 a a2200000 04500 | ||
|---|---|---|---|
| 001 | 9161 | ||
| 003 | |||
| 040 | |||
| 245 | |a Washington in focus: |b foreign aid | ||
| 520 | |a En 1990 el Congreso estadounidense revisó sus prioridades en cuanto a política exterior se refiere, particularmente a la luz de los cambios ocurridos en Europa del Este. Se revisan las políticas económicas, asistencia alimentaria y militarismo. HB/hmbq | ||
| 650 | |a POLITICA EXTERIOR | ||
| 650 | |a ALIMENTACION | ||
| 650 | |a MILITARISMO | ||
| 773 | |g volumen 15, número 1; páginas 3 | ||
| 999 | |c 25856 |d 25856 | ||
| 773 | 0 | |0 43130 |9 5076 |d Washington: Washington Office on Latin America |o MFN: 2454 |t Latin America Update / |x 0738601X | |
